Procesos y técnicas de construcción
Guardat en:
| Autors principals: | , |
|---|---|
| Format: | Llibre |
| Idioma: | espanyol |
| Publicat: |
Santiago
Universidad Católica de Chile
2008
|
| Edició: | 5a. ed |
| Matèries: | |
| Etiquetes: |
Afegir etiqueta
Sense etiquetes, Sigues el primer a etiquetar aquest registre!
|
MARC
| LEADER | 00000cam a2200000 a 4500 | ||
|---|---|---|---|
| 001 | UCG2848 | ||
| 003 | CL-VaPUC | ||
| 008 | 100729e20080500CL |||||||||||||||||spa|d | ||
| 020 | |a 9789561408272 | ||
| 082 | 0 | 4 | |a 691 |b SOL |2 21 |
| 100 | 0 | |a Solminihac Tampier, Hernán de |e author |9 551486 | |
| 700 | 0 | |a Thenoux Z., Guillermo |e author |9 551487 | |
| 245 | 1 | 0 | |a Procesos y técnicas de construcción |
| 250 | |a 5a. ed | ||
| 300 | |a 545 p | ||
| 942 | |c BK | ||
| 945 | |d 20100729 00:00:00 |a mfarfan | ||
| 260 | |a Santiago |b Universidad Católica de Chile |c 2008 | ||
| 650 | 0 | |a Materiales de construcción |9 260197 | |
| 650 | 0 | |a Construcción |9 260195 | |
| 650 | 0 | |a Administración |9 259325 | |
| 650 | 0 | |a Gestión de proyectos |9 260970 | |
| 583 | |a last modification |c 20141107 01:28:32 |k Rodrigo Vera | ||
| 999 | |c 341965 |d 341963 | ||
| 952 | |0 0 |1 0 |3 erb |4 0 |6 691_000000000000000_SOL_2008 |7 0 |8 A |9 437847 |a BIBING |b BIBING |i 5122481 |l 4 |o 691 SOL 2008 |p 5122481 |r 2025-01-20 |s 2024-04-19 |w 2019-11-22 |y BK |z Catalogado en:20141107 |k CCL | ||
| 952 | |0 0 |1 0 |3 erb |4 0 |6 691_000000000000000_SOL_2008 |7 0 |8 A |9 437848 |a BIBING |b BIBING |i 512249K |l 1 |o 691 SOL 2008 |p 512249K |r 2025-01-20 |s 2023-11-20 |w 2019-11-22 |y BK |z Catalogado en:20141107 |k CCL | ||
| 952 | |0 0 |1 0 |3 erb |4 0 |6 691_000000000000000_SOL_2008 |7 0 |8 A |9 437849 |a BIBING |b BIBING |i 5122503 |l 3 |o 691 SOL 2008 |p 5122503 |r 2025-01-20 |s 2024-04-23 |w 2019-11-22 |y BK |z Catalogado en:20141107 |k CCL | ||
| 952 | |0 0 |1 0 |3 erb |4 0 |6 691_000000000000000_SOL_2008 |7 0 |8 A |9 437854 |a BIBING |b BIBING |i 5138817 |l 1 |o 691 SOL 2008 |p 5138817 |q 2023-03-20 |r 2023-03-13 |s 2023-03-13 |w 2019-11-22 |y BK |z Catalogado en:20150312 |k CCL | ||
| 952 | |0 0 |1 0 |3 erb |4 0 |6 691_000000000000000_SOL_2008 |7 0 |8 A |9 437855 |a BIBING |b BIBING |i 5138841 |l 2 |o 691 SOL 2008 |p 5138841 |r 2025-01-20 |s 2024-12-06 |w 2019-11-22 |y BK |z Catalogado en:20150312 |k CCL | ||
| 952 | |0 0 |1 0 |3 erb |4 0 |6 691_000000000000000_SOL_2008 |7 0 |8 A |9 437856 |a BIBING |b BIBING |i 5138833 |l 5 |m 2 |o 691 SOL 2008 |p 5138833 |r 2025-01-20 |s 2024-11-07 |w 2019-11-22 |y BK |z Catalogado en:20150312 |k CCL | ||
| 952 | |0 0 |1 0 |3 erb |4 0 |6 691_000000000000000_SOL_2008 |7 0 |8 A |9 437857 |a BIBING |b BIBING |i 5138825 |l 6 |o 691 SOL 2008 |p 5138825 |r 2025-01-20 |s 2023-08-31 |w 2019-11-22 |y BK |z Catalogado en:20150312 |k CCL | ||
| 952 | |0 0 |1 0 |3 erb |4 0 |6 691_000000000000000_SOL_2008 |7 0 |8 A |9 437858 |a BIBING |b BIBING |i 5138876 |l 2 |m 4 |o 691 SOL 2008 |p 5138876 |r 2025-01-20 |s 2024-10-07 |w 2019-11-22 |y BK |z Catalogado en:20150312 |k CCL | ||
| 952 | |0 0 |1 0 |3 erb |4 0 |6 691_000000000000000_SOL_2008 |7 0 |8 A |9 437859 |a BIBING |b BIBING |i 5138868 |l 2 |m 1 |o 691 SOL 2008 |p 5138868 |r 2025-01-20 |s 2023-06-19 |w 2019-11-22 |y BK |z Catalogado en:20150312 |k CCL | ||
| 952 | |0 0 |1 0 |3 erb |4 0 |6 691_000000000000000_SOL_2008 |7 0 |8 A |9 437860 |a BIBING |b BIBING |i 513885K |o 691 SOL 2008 |p 513885K |r 2023-03-02 |w 2019-11-22 |y BK |z Catalogado en:20150312 |k CCL | ||